000 00637nam a2200181Ia 4500
008 151018s9999 xx 000 0 und d
082 _bRBASDV11753
_a891.464
100 _aसरोजिनी शारंगपाणी
245 _aगुन्हेगांचे जग
250 _b1
260 _bसरोज प्रकाशन
_c1976
300 _a368
600 _aसरोजिनी शारंगपाणी
630 _aगुन्हेगांचे जग
700 _aसरोजिनी शारंगपाणी
730 _aगुन्हेगांचे जग
942 _cBOOK
999 _c1014095
_d1014092